[Event "Invitation"]
[Site "http://www.queenalice.com/game.php?id=555342"]
[Date "2009.3.13"]
[Round "-"]
[White "Cappy"]
[Black "edhamme"]
[Result "0-1"]
[WhiteElo "1314"]
[BlackElo "1659"]

1. e3 c5 2. d4 b6 3. dxc5 bxc5 4. Qf3 Nc6 5. Bb5 Qa5+ 6. Nc3 Nb4 7. Kd1 Rb8 8.
Bc4 Nh6 9. g4 Bb7 10. Qf4 Nc6 11. g5 e5 12. Qg3 Nf5 13. Qg4 Nce7 14. e4 Nd4 15.
Nf3 Qc7 16. Nd5 Nxd5 17. Bxd5 Bxd5 18. exd5 Qd6 19. Re1 Be7 20. c3 Nxf3 21. Qxf3
O-O 22. c4 f6 23. g6 h6 24. b3 f5 25. Qe3 e4 26. Qf4 Qxg6 27. Kc2 Bd6 28. Qh4
Be5 29. Bb2 Bxb2 30. Rab1 Ba3 31. Rg1 Qf6 32. Qxf6 Rxf6 33. Rbd1 d6 34. h4 h5
35. Rg5 g6 36. Rdg1 Kh7 37. Re1 Bb4 38. Rf1 Re8 39. Ra1 e3 40. fxe3 Rxe3 41. Rb1
Re4 42. Rg2 Rxh4 43. Re1 Bxe1 0-1

[Event "Invitation"]
[Site "http://www.queenalice.com/game.php?id=555343"]
[Date "2009.3.13"]
[Round "-"]
[White "Cappy"]
[Black "edhamme"]
[Result "0-1"]
[WhiteElo "1318"]
[BlackElo "1629"]

1. Nc3 Nc6 2. e3 d5 3. Qe2 d4 4. exd4 Nxd4 5. Qd3 Bf5 6. Ne4 Nf6 7. Nxf6+ exf6
8. Qe3+ Be7 9. Nf3 Nxc2+ 10. Ke2 Nxe3 11. Kxe3 O-O 12. Ke2 Bc2 13. d4 Bb4 14.
Bd2 Re8+ 0-1

[Event "Challenge"]
[Site "http://www.queenalice.com/game.php?id=557339"]
[Date "2009.3.17"]
[Round "-"]
[White "ORNELAS"]
[Black "edhamme"]
[Result "0-1"]
[WhiteElo "1556"]
[BlackElo "1633"]

1. d4 d5 2. e3 Nf6 3. c4 e6 4. c5 b6 5. cxb6 axb6 6. a3 Bb4+ 7. Bd2 Nc6 8. Bxb4
Nxb4 9. Qb3 Qd6 10. Bb5+ Bd7 11. Bxd7+ Nxd7 12. Nf3 O-O 13. Nbd2 c5 14. Rc1 c4
15. Qxb4 Qxb4 16. O-O Qd6 17. Rc3 b5 18. b4 Nb6 19. Ne5 Na4 20. Rc2 f6 21. Ng4
c3 22. Nb3 Nb2 23. Rxc3 Rxa3 24. Rb1 Qxb4 25. Rcc1 Rxb3 26. h3 Rc3 27. Rf1 Rc2
28. g3 h5 0-1

[Event "Challenge"]
[Site "http://www.queenalice.com/game.php?id=559380"]
[Date "2009.3.21"]
[Round "-"]
[White "edhamme"]
[Black "godzilla"]
[Result "0-1"]
[WhiteElo "1617"]
[BlackElo "1656"]

1. d4 Nf6 2. Nf3 d5 3. Bg5 e6 4. e3 Nbd7 5. Be2 Bd6 6. O-O h6 7. Bh4 O-O 8. Qd3
c5 9. Qa3 b6 10. Nc3 cxd4 11. Qxd6 dxc3 12. Qb4 Qc7 13. bxc3 Ne4 14. c4 Ba6 15.
Nd2 Qc5 16. a3 Qxb4 17. axb4 Nxd2 18. Rfd1 Bxc4 19. Rxd2 Bxe2 20. Rxe2 a5 21.
Be7 Rfc8 22. h3 a4 23. b5 Nc5 24. Rd2 Ne4 25. Rd4 Ra7 26. Rdxa4 Rxe7 27. Ra8 Rc7
28. Rxc8+ Rxc8 29. Ra6 Rxc2 30. f3 Rc1+ 31. Kh2 Nd2 32. Rxb6 Nf1+ 33. Kg1 Nxe3+
34. Kf2 Nc4 35. Rb8+ Kh7 36. g4 Rb1 37. h4 Rb2+ 38. Kg3 e5 39. Rb7 Ne3 40. Rxf7
Nf1+ 41. Kh3 Rh2# 0-1

[Event "Challenge"]
[Site "http://www.queenalice.com/game.php?id=559931"]
[Date "2009.3.22"]
[Round "-"]
[White "edhamme"]
[Black "Frankone"]
[Result "0-1"]
[WhiteElo "1661"]
[BlackElo "1616"]

1. d4 d5 2. Nf3 Nc6 3. Nc3 Nf6 4. Bf4 Bf5 5. e3 e6 6. Nb5 Bb4+ 7. c3 Ba5 8. b4
Bb6 9. Nxc7+ Bxc7 10. b5 Ba5 11. bxc6 Bxc3+ 12. Nd2 bxc6 13. Rc1 Ne4 14. Qe2
Bxd2+ 15. Kd1 Qa5 16. Rc2 Qa4 17. f3 Nc3+ 18. Kxd2 Qxc2+ 19. Ke1 Qb1+ 20. Kf2
Nxe2 21. Kxe2 Bd3+ 22. Kf2 Qb2+ 23. Kg3 Qc1 24. Rg1 Bxf1 25. e4 Qe1+ 26. Kh3 Qf2
27. Be3 Qxf3+ 28. Kh4 Bxg2 29. Rxg2 Qxg2 0-1

[Event "Challenge"]
[Site "http://www.queenalice.com/game.php?id=560467"]
[Date "2009.3.23"]
[Round "-"]
[White "nightw0lf"]
[Black "edhamme"]
[Result "1-0"]
[WhiteElo "1910"]
[BlackElo "1614"]

1. c4 Nc6 2. Nf3 e5 3. Nc3 Nf6 4. d3 Bc5 5. g3 Ng4 6. Ne4 O-O 7. Nxc5 d6 8. Nb3
d5 9. cxd5 Qxd5 10. Bg2 e4 11. Nfd2 exd3 12. Bxd5 Nce5 13. O-O c6 14. Bg2 Be6
15. exd3 Nxd3 16. Ne4 Nge5 17. f4 Bg4 18. Qc2 Nb4 19. Qc3 Ned3 20. a3 Be6 21.
axb4 Nxc1 22. Rfxc1 Rac8 23. Nbc5 a6 24. Nxe6 fxe6 25. Rd1 Rce8 26. Rd7 Rf5 27.
Qxg7# 1-0

[Event "Invitation"]
[Site "http://www.queenalice.com/game.php?id=564547"]
[Date "2009.3.31"]
[Round "-"]
[White "Cappy"]
[Black "edhamme"]
[Result "0-1"]
[WhiteElo "1331"]
[BlackElo "1614"]

1. e3 c5 2. Nc3 d5 3. Bb5+ Nc6 4. Nh3 Bxh3 5. gxh3 e6 6. d4 c4 7. e4 a6 8. Ba4
b5 9. Bxb5 axb5 10. Nxb5 dxe4 11. Nc3 Qh4 12. Nb5 Qe7 13. c3 Ra5 14. a4 Na7 15.
Nxa7 Qxa7 16. b4 Rf5 17. b5 e5 18. Qg4 g6 19. h4 exd4 20. Qxe4+ Ne7 21. Bb2 dxc3
22. Bxc3 f6 23. Bxf6 Rxf6 24. Qxc4 Qa5+ 25. Ke2 Qb6 26. Rhf1 Re6+ 27. Kd1 Qd8+
28. Kc2 Nd5 29. Rfe1 Nb4+ 30. Kb3 Rxe1 31. Rxe1+ Be7 32. Qxb4 Qd3+ 33. Qc3 Qxc3+
34. Kxc3 Kf7 35. b6 Bxh4 36. a5 Bxf2 37. Rf1 Rc8+ 38. Kb3 Rc5 39. Rxf2+ Kg7 40.
Ra2 Re5 41. b7 Rb5+ 42. Kc4 Rxb7 43. a6 Rf7 0-1

[Event "Invitation"]
[Site "http://www.queenalice.com/game.php?id=564548"]
[Date "2009.3.31"]
[Round "-"]
[White "Cappy"]
[Black "edhamme"]
[Result "1-0"]
[WhiteElo "1322"]
[BlackElo "1643"]

1. Nc3 d5 2. Nb1 Nf6 3. d4 g6 4. Nc3 Bg7 5. e3 O-O 6. Qe2 Nc6 7. Rb1 Na5 8. e4
e6 9. e5 Nh5 10. Qd3 Nc4 11. b3 b5 12. Nxb5 c6 13. Nc3 Nxe5 14. Qe3 Ng4 15. Qf3
Bxd4 16. Bd2 Bxf2+ 17. Ke2 Ba6+ 18. Kd1 Bxf1 19. h3 Ng3 20. Nce2 Nxh1 21. hxg4
Qh4 22. Bc3 Bxg1 23. Qxf1 Be3 24. g3 Nf2+ 25. Qxf2 Qh1+ 26. Qe1 Qe4 27. Bd2 Qd4
28. Nxd4 Bxd4 29. Bh6 Bg7 30. Bxg7 Kxg7 31. Kd2 a5 32. Qe5+ Kg8 33. Rh1 a4 34.
b4 a3 35. Qf4 Ra4 36. Qh6 Rxb4 37. Qxh7# 1-0

[Event "Challenge"]
[Site "http://www.queenalice.com/game.php?id=570799"]
[Date "2009.4.12"]
[Round "-"]
[White "Ebbe"]
[Black "edhamme"]
[Result "1-0"]
[WhiteElo "1857"]
[BlackElo "1624"]

1. d4 d5 2. c4 c6 3. Nc3 Nf6 4. Nf3 dxc4 5. e4 Bg4 6. Bxc4 e6 7. e5 Nd5 8. O-O
Be7 9. h3 Bh5 10. Ne4 O-O 11. Qb3 b5 12. Be2 Qb6 13. g4 Nf4 14. Bxf4 Bg6 15. Bd3
Nd7 16. a4 b4 17. a5 Qc7 18. Rfc1 c5 19. Bd2 Rab8 20. Bxb4 Rxb4 21. Qxb4 Rb8 22.
Qd2 Qc6 23. Qe3 Rb3 24. Rc2 f5 25. gxf5 Bxf5 26. Nfd2 Rb4 27. Rac1 Rxd4 28. Nb3
Rxd3 29. Qxd3 Bxe4 30. Qg3 Bxc2 31. Rxc2 c4 32. Qe3 Qb5 33. Nd4 Nxe5 34. Nxe6
Bh4 35. Qf4 Bf6 36. Nd4 Qxa5 37. Nf3 Qd5 38. Rc3 h6 39. Nxe5 Bxe5 40. Qxc4 Qf7
41. Qxf7+ Kxf7 42. Rf3+ Kg6 43. b4 Bc7 44. Rd3 Bb6 45. b5 Kg5 46. Rg3+ Kf6 47.
Kg2 g5 48. Rf3+ Kg6 49. Kg3 Bc7+ 50. Kg2 g4 51. hxg4 Kg5 52. Kh3 Bf4 53. Ra3 Bb8
54. Ra6 h5 55. f4+ Bxf4 56. Rxa7 hxg4+ 57. Kg2 Be3 58. Ra6 Kf4 59. Ra4+ Kf5 60.
Ra5 Kf4 61. Ra6 g3 62. b6 Bxb6 63. Rxb6 1-0

[Event "Challenge"]
[Site "http://www.queenalice.com/game.php?id=571063"]
[Date "2009.4.12"]
[Round "-"]
[White "eder"]
[Black "edhamme"]
[Result "0-1"]
[WhiteElo "1351"]
[BlackElo "1619"]

1. d4 d5 2. c4 c6 3. cxd5 cxd5 4. Bf4 Nc6 5. e3 e6 6. Nc3 Nf6 7. Nf3 Bd6 8. Bxd6
Qxd6 9. Be2 O-O 10. O-O e5 11. Nb5 e4 0-1

[Event "Challenge"]
[Site "http://www.queenalice.com/game.php?id=573361"]
[Date "2009.4.17"]
[Round "-"]
[White "pablonet"]
[Black "edhamme"]
[Result "1-0"]
[WhiteElo "1365"]
[BlackElo "1619"]

1. e4 e5 2. Nf3 Nc6 3. Bc4 Nh6 4. d4 Bd6 5. Bg5 Ne7 6. Nxe5 f6 7. Bxh6 gxh6 8.
Nf7 Rg8 9. Qh5 Rg6 10. Nc3 c6 11. Nxd6+ Kf8 12. f4 Qb6 13. f5 Qxd4 14. fxg6 Qxd6
15. g7+ Kxg7 16. Qf7+ Kh8 17. Qf8+ Ng8 18. Qxd6 b5 19. Bxg8 Kxg8 20. O-O b4 21.
Rxf6 Ba6 22. Qg3+ Kh8 23. Rf7 Rg8 24. Qe5+ Rg7 25. Rf8# 1-0

[Event "Invitation"]
[Site "http://www.queenalice.com/game.php?id=588828"]
[Date "2009.5.15"]
[Round "-"]
[White "Cappy"]
[Black "edhamme"]
[Result "0-1"]
[WhiteElo "1346"]
[BlackElo "1603"]

1. d4 d5 2. e3 Nf6 3. Be2 g6 4. Nf3 Bg7 5. c4 O-O 6. O-O Bg4 7. Ne5 Bh5 8. Bxh5
Nxh5 9. cxd5 Qxd5 10. Nc3 Qe6 11. Nb5 Na6 12. a3 c6 13. Nc3 Rad8 14. f4 c5 15.
d5 Qd6 16. Qb3 b6 17. Rd1 Bxe5 18. fxe5 Qxe5 19. Qxb6 axb6 20. e4 Nf4 21. g3
Nh3+ 22. Kg2 Qh5 23. Rd3 c4 24. g4 Qxg4+ 25. Rg3 Nf4+ 26. Kf2 Nd3+ 27. Kg2 Qh4
28. Bg5 Nf4+ 29. Kf3 Qxh2 30. Bxf4 Qxb2 31. Rc1 Qxa3 32. Rg2 e5 33. Be3 Nc5 34.
Ne2 f5 35. Kf2 Nd3+ 36. Kf1 Nxc1 37. Nxc1 Qxe3 38. Rc2 Qf4+ 39. Rf2 Qxc1+ 0-1

[Event "Challenge"]
[Site "http://www.queenalice.com/game.php?id=607324"]
[Date "2009.6.22"]
[Round "-"]
[White "sejalivre"]
[Black "edhamme"]
[Result "0-1"]
[WhiteElo "1591"]
[BlackElo "1609"]

1. e4 e5 2. Nf3 Nc6 3. d4 Qf6 4. d5 Nd4 5. Bc4 Nxf3+ 6. Qxf3 Qxf3 7. gxf3 Bc5 8.
Nc3 d6 9. Rg1 g6 10. Na4 Bd7 11. Nxc5 b5 12. Nxd7 bxc4 13. Nxe5 Nf6 14. Nc6 O-O
15. Ne7+ Kg7 16. Nf5+ Kh8 17. Nh6 Rac8 18. Be3 c5 19. e5 dxe5 20. d6 e4 21. f4
Nd5 22. d7 Rc7 23. f5 Nxe3 24. Nxf7+ Kg7 25. fxg6 Nxc2+ 26. Kf1 Rxd7 27. Ng5
Nxa1 28. Ne6+ Kg8 29. gxh7+ Kh8 30. Nxf8 Rd1+ 31. Kg2 Rxg1+ 32. Kxg1 Nc2 33. f4
e3 34. Kf1 Nd4 35. h4 a5 36. h5 Nf5 37. Ke2 a4 38. Kf3 a3 39. bxa3 c3 40. Ke4
Kg7 41. Ne6+ Kxh7 42. Kxf5 e2 43. Kg5 e1=Q 44. Kf5 c2 45. Ng5+ Kh6 46. Nf3 c1=Q
47. Nxe1 Qxe1 48. a4 Qa5 0-1

[Event "Invitation"]
[Site "http://www.queenalice.com/game.php?id=610702"]
[Date "2009.6.29"]
[Round "-"]
[White "Cappy"]
[Black "edhamme"]
[Result "1-0"]
[WhiteElo "1356"]
[BlackElo "1630"]

1. e3 e5 2. Nf3 e4 3. Nd4 Nf6 4. d3 d5 5. h3 Bd6 6. c4 O-O 7. cxd5 Nxd5 8. dxe4
Nf6 9. Bd3 c5 10. Nb5 Be5 11. O-O a6 12. N5a3 Be6 13. Bc4 Nc6 14. Qxd8 Raxd8 15.
Bxe6 fxe6 16. f4 Bc7 17. e5 Ne4 18. b3 Ng3 19. Re1 Ba5 20. Kf2 Bxe1+ 21. Kxe1
Nb4 22. Kf2 Nh1+ 23. Kf3 Nc2 24. Nxc2 Rd1 25. Nc3 g5 26. Nxd1 Rd8 27. Ba3 b6 28.
g3 Rd2 29. Rc1 Rh2 30. g4 Rxh3+ 31. Kg2 Rh4 32. Nc3 Rxg4+ 33. Kxh1 Kh8 34. Ne4
gxf4 35. Rg1 Rh4+ 36. Kg2 fxe3 37. Ng3 c4 38. Nxe3 c3 39. Kf3 Ra4 40. Bd6 Rxa2
41. Rc1 h5 42. Nxh5 Rh2 43. Nf4 Rb2 44. Rxc3 b5 45. b4 Ra2 46. Rc8+ Kh7 47. Rc7+
Kh6 48. Kg4 1-0

[Event "Invitation"]
[Site "http://www.queenalice.com/game.php?id=610703"]
[Date "2009.6.29"]
[Round "-"]
[White "Cappy"]
[Black "edhamme"]
[Result "0-1"]
[WhiteElo "1327"]
[BlackElo "1624"]

1. Nc3 Nf6 2. Nf3 e6 3. e3 d5 4. h3 Bc5 5. Ne5 O-O 6. Na4 Bd6 7. d4 Ne4 8. Nc3
Nxc3 9. bxc3 Qf6 10. Ng4 Qg6 11. Bd3 f5 12. O-O Nc6 13. Rb1 Qh5 14. Nh2 Qe8 15.
f3 e5 16. Re1 e4 17. fxe4 fxe4 18. Be2 Qg6 19. Bg4 Bxg4 20. Qxg4 Qf6 21. Rf1
Bxh2+ 22. Kxh2 Qxf1 23. a4 Qe1 24. a5 Rf1 25. Rxb7 Rh1# 0-1

[Event "School vs No School"]
[Site "http://www.queenalice.com/game.php?id=646003"]
[Date "2009.9.2"]
[Round "-"]
[White "edhamme"]
[Black "Cappy"]
[Result "0-1"]
[WhiteElo "1603"]
[BlackElo "1412"]

1. d4 d6 2. d5 Nf6 3. Nc3 e6 4. dxe6 Bxe6 5. Nf3 g6 6. Bf4 a6 7. e3 Bc8 8. Bc4
h6 9. O-O Be7 10. Qd2 O-O 11. e4 g5 12. Nxg5 hxg5 13. Bxg5 b5 14. Bh6 Nh7 15.
Qd4 Bf6 16. Qd3 bxc4 17. Qg3+ Ng5 18. Nd5 Nd7 19. Nxf6+ Qxf6 20. Bxg5 Qg6 21.
Rae1 f6 22. Bh6 Qxg3 23. fxg3 Re8 24. Rf5 Bb7 25. g4 Rxe4 26. Ref1 Rxg4 27. g3
Re8 28. Bf4 Re2 29. Rf2 Rxf2 30. Kxf2 Be4 31. c3 Bxf5 32. h3 Rg7 33. g4 Bb1 34.
a3 Ne5 35. Kg3 Nd3 36. Bh6 Re7 37. b4 Rh7 38. h4 Rxh6 39. a4 Rg6 40. b5 a5 41.
b6 cxb6 42. h5 Rh6 43. Kh4 Nc5 44. g5 fxg5+ 45. Kxg5 Kg7 46. Kf4 Rxh5 47. Ke3
Bc2 48. Kd4 Nxa4 49. Kxc4 b5+ 50. Kd4 d5 51. c4 dxc4 52. Ke3 Rh4 53. Kf2 Nc3 54.
Kg3 Rd4 55. Kf3 Re4 56. Kg3 Ne2+ 57. Kf2 Bd3 58. Ke1 Ng3+ 59. Kd2 Nf1+ 60. Kc3
b4+ 61. Kb2 Re2+ 62. Kc1 Rc2+ 63. Kb1 b3 64. Ka1 a4 65. Kb1 a3 0-1

[Event "Challenge"]
[Site "http://www.queenalice.com/game.php?id=675656"]
[Date "2009.10.31"]
[Round "-"]
[White "galo4kid"]
[Black "edhamme"]
[Result "1-0"]
[WhiteElo "1600"]
[BlackElo "1579"]

1. e4 e5 2. Bc4 Nh6 3. Qf3 Bc5 4. d4 Bxd4 5. Bxh6 O-O 6. Qg3 Qf6 7. Bg5 Qg6 8.
Ne2 Qxe4 9. Bd3 Qd5 10. Nxd4 Qxd4 11. Bf6 g6 12. Bxe5 Qb4+ 13. Nd2 d6 14. Bc3
Re8+ 15. Kf1 Qc5 16. Ne4 Rxe4 17. Bxe4 Bf5 18. Bxb7 Qb5+ 19. Kg1 Qxb7 20. h4 h5
21. Qg5 Kf8 22. Qd8# 1-0

[Event "Challenge"]
[Site "http://www.queenalice.com/game.php?id=683693"]
[Date "2009.11.15"]
[Round "-"]
[White "Cappy"]
[Black "edhamme"]
[Result "0-1"]
[WhiteElo "1387"]
[BlackElo "1564"]

1. e3 Nf6 2. Nf3 c5 3. d4 e6 4. Nc3 d5 5. dxc5 Bxc5 6. Nb5 O-O 7. Bd3 a6 8. Nc3
Nc6 9. Rb1 e5 10. Nd2 d4 11. Nce4 Nxe4 12. Nxe4 Qa5+ 13. Bd2 Nb4 14. Nxc5 Qxc5
15. Bxb4 Qxb4+ 16. c3 dxc3 17. Qb3 Qg4 18. Qxc3 Qxg2 19. Ke2 Bg4+ 20. Kd2 Qxf2+
21. Kc1 Qxe3+ 0-1

[Event "#1 vs #2"]
[Site "http://www.queenalice.com/game.php?id=692973"]
[Date "2009.12.4"]
[Round "-"]
[White "edhamme"]
[Black "Cappy"]
[Result "1-0"]
[WhiteElo "1573"]
[BlackElo "1353"]

1. d4 Nf6 2. Nf3 Nd5 3. c4 Nf6 4. Nc3 e6 5. a3 d5 6. Ne5 Nbd7 7. c5 Nxe5 8. dxe5
Ne4 9. Nxe4 dxe4 10. Qxd8+ Kxd8 11. b4 a5 12. Bg5+ Be7 13. Rd1+ Bd7 14. Rd4 Bxg5
15. e3 axb4 16. Bc4 Rxa3 17. O-O Ra5 18. Rfd1 Kc8 19. Rxd7 Rd8 20. R7d4 Rxd4 21.
exd4 Ra3 22. g3 Rc3 23. Ba2 b3 24. h4 bxa2 25. hxg5 Ra3 26. Ra1 b5 27. cxb6 cxb6
28. Kf1 b5 29. Ke1 b4 30. Kd1 b3 31. Kc1 b2+ 32. Kxb2 Rf3 33. Rf1 Rd3 34. Kxa2
Rxd4 35. f4 f5 36. exf6 g6 37. Re1 Kd8 38. Kb2 Kd7 39. Rh1 h5 40. gxh6 Rb4+ 41.
Kc3 Rb8 42. Re1 Rh8 43. Rh1 Ke8 44. Kd4 e3 45. Ke5 Kf7 46. Rd1 e2 47. Rh1 Rxh6
48. Re1 Rh5+ 49. Ke4 Rh2 50. g4 Rg2 51. g5 Rh2 52. Ke3 1-0